An econometric analysis of recent industrial slow down in India: some policy aspects (Record no. 43743)

000 -LEADER
fixed length control field 00513pab a2200181 454500
008 - FIXED-LENGTH DATA ELEMENTS--GENERAL INFORMATION
fixed length control field 180718b1999 xxu||||| |||| 00| 0 eng d
100 ## - MAIN ENTRY--PERSONAL NAME
Personal name Avasthi, G.P.
245 ## - TITLE STATEMENT
Title An econometric analysis of recent industrial slow down in India: some policy aspects
260 ## - PUBLICATION, DISTRIBUTION, ETC.
Date of publication, distribution, etc. 1999
300 ## - PHYSICAL DESCRIPTION
Extent p.492-98
362 ## - DATES OF PUBLICATION AND/OR SEQUENTIAL DESIGNATION
Dates of publication and/or sequential designation Dec
650 ## - SUBJECT ADDED ENTRY--TOPICAL TERM
Topical term or geographic name entry element Industrial development - India
650 ## - SUBJECT ADDED ENTRY--TOPICAL TERM
Topical term or geographic name entry element Industrial development
700 ## - ADDED ENTRY--PERSONAL NAME
Personal name Bansal, Sachin
700 ## - ADDED ENTRY--PERSONAL NAME
Personal name Bhandari, Anand
773 ## - HOST ITEM ENTRY
Main entry heading Asian Economic Review
909 ## -
-- 43743
Holdings
Withdrawn status Lost status Damaged status Not for loan Permanent Location Current Location Date acquired Serial Enumeration / chronology Barcode Date last seen Price effective from Koha item type
        Indian Institute of Public Administration Indian Institute of Public Administration 2018-07-19 Volume no: 41, Issue no: 3 AR44143 2018-07-19 2018-07-19 Articles

Powered by Koha